Online katalóg knižníc regiónu Turca

Sila lásky (Record no. 21988)

MARC details
000 -LEADER
fixed length control field 01655cam a2200445 a 4500
001 - CONTROL NUMBER
control field 21988
003 - CONTROL NUMBER IDENTIFIER
control field VRT
005 - DATE AND TIME OF LATEST TRANSACTION
control field 20260317093537.0
008 - FIXED-LENGTH DATA ELEMENTS--GENERAL INFORMATION
fixed length control field 240709s1998 xo gr 000 f slo
015 ## - NATIONAL BIBLIOGRAPHY NUMBER
National bibliography number SNBA1999/02-00605
020 ## - INTERNATIONAL STANDARD BOOK NUMBER
International Standard Book Number 8071186309
Qualifying information (viazané)
035 ## - SYSTEM CONTROL NUMBER
System control number SNK000302892
035 ## - SYSTEM CONTROL NUMBER
System control number urn:nbn:sk:snk-amkik8
035 ## - SYSTEM CONTROL NUMBER
System control number urn:nbn:sk:snk-am008fbx
035 ## - SYSTEM CONTROL NUMBER
System control number 93A7F44D-E1BB-4DC0-B3F6-3E61404902DD
039 #9 - LEVEL OF BIBLIOGRAPHIC CONTROL AND CODING DETAIL [OBSOLETE]
Level of rules in bibliographic description 202408190906
Level of effort used to assign nonsubject heading access points msnk160
Level of effort used to assign subject headings 202407090840
Level of effort used to assign classification VLOAD
Level of effort used to assign subject headings 202403181741
Level of effort used to assign classification VLOAD
Level of effort used to assign subject headings 202402262114
Level of effort used to assign classification VLOAD
040 ## - CATALOGING SOURCE
Original cataloging agency SNK
Language of cataloging slo
Transcribing agency SNK
Description conventions AACR2
041 1# - LANGUAGE CODE
Language code of text/sound track or separate title slo
Language code of original eng
044 ## - COUNTRY OF PUBLISHING/PRODUCING ENTITY CODE
MARC country code xo
ISO country code SK
072 #7 - SUBJECT CATEGORY CODE
Subject category code 821.111(73)-3
Subject category code subdivision Americká próza
Source konspekt
072 #7 - SUBJECT CATEGORY CODE
Subject category code 821-31/-34
Subject category code subdivision Ľúbostná, dobrodružná, fantastická próza
Source konspekt
080 ## - UNIVERSAL DECIMAL CLASSIFICATION NUMBER
Universal Decimal Classification number 821.111(73)-31
Edition identifier 2011
080 ## - UNIVERSAL DECIMAL CLASSIFICATION NUMBER
Universal Decimal Classification number (0:82-312.5)
Edition identifier 2011
100 1# - MAIN ENTRY--PERSONAL NAME
Personal name Lindsey, Johana,
Dates associated with a name 1952-2017
Relationship aut
240 10 - UNIFORM TITLE
Uniform title So speaks the heart
Language of a work Slovensky
245 10 - TITLE STATEMENT
Title Sila lásky
Statement of responsibility, etc. Johanna Lindseyová ; [z anglického originálu So speaks the heart ... preložila Tatiana Ruppeldtová]
260 ## - PUBLICATION, DISTRIBUTION, ETC.
Place of publication, distribution, etc. Bratislava
Name of publisher, distributor, etc. Ikar
Date of publication, distribution, etc. 1998
300 ## - PHYSICAL DESCRIPTION
Extent 224 strán
Dimensions 21 cm
655 #7 - INDEX TERM--GENRE/FORM
Genre/form data or focus term americké romány
Source of term SNKPH
655 #7 - INDEX TERM--GENRE/FORM
Genre/form data or focus term ľúbostné romány
Source of term SNKPH
700 1# - ADDED ENTRY--PERSONAL NAME
Personal name Ruppeldtová, Tatiana,
Dates associated with a name 1921-2006
Relationship trl
942 ## - ADDED ENTRY ELEMENTS (KOHA)
Source of classification or shelving scheme Dewey Decimal Classification
Koha item type Krásna literatúra pre dospelých
Suppress in OPAC No
949 ## - LOCAL PROCESSING INFORMATION (OCLC)
6 2889144256
a savukPV 1342
949 ## - LOCAL PROCESSING INFORMATION (OCLC)
6 273K0101986
a svkpoA 174373
b svkpo434209
949 ## - LOCAL PROCESSING INFORMATION (OCLC)
6 270001000013489
a svkbbA 99436
p 625.983
949 ## - LOCAL PROCESSING INFORMATION (OCLC)
6 17A0171319
a snkSC 97308
b snkKSP 11027/98
s 6100:20140925
949 ## - LOCAL PROCESSING INFORMATION (OCLC)
6 17A0171321
a snkSC 97308 D1
b snkKSP 11028/98
Holdings
Stav vyradenia Strata Poškodenie Spôsob nadobudnutia Domovská knižnica Aktuálna knižnica Dátum nadobudnutia Total checkouts Čiarový kód exemplára Date last seen Typ exemplára
      Dar Obecná knižnica Horná Štubňa Obecná knižnica Horná Štubňa 21.04.2026   9788071186304 21.04.2026 Krásna literatúra pre dospelých
      Dar Obecná knižnica Turčianska Štiavnička Obecná knižnica Turčianska Štiavnička 17.03.2026   4738000467 17.03.2026 Krásna literatúra pre dospelých
Projekt je podporený Slovenskou asociáciou knižníc
Prevádzkuje Turčianska knižnica Martin 2026